Deutsche DAX 30 Unternehmen - Statistiken

Allgemein
  • Dieses Quiz wurde 359 mal gespielt
  • Das Durchschnittsergebnis liegt bei 12 aus 30
Antwortstatistiken
Unternehmen % Korrekt
Volkswagen
93%
BMW
89%
Daimler
82%
Bayer
68%
Siemens
68%
Deutsche Bank
67%
SAP
65%
Allianz
64%
BASF
58%
adidas
52%
Commerzbank
52%
Lufthansa
51%
Deutsche Post
45%
thyssenkrupp
38%
Deutsche Telekom
35%
E.ON
34%
RWE
34%
Continental
28%
Fresenius
27%
Henkel
25%
Vonovia
25%
Deutsche Börse
24%
Linde
24%
Beiersdorf
19%
Merck
18%
HeidelbergCement
14%
Infineon
14%
Münchener Rückversicherungs-Gesellschaft
12%
Fresenius Medical Care
10%
ProSiebenSat.1 Media
4%
Keine übereinstimmenden Quizze gefunden
Verteilung der Resultate
Anzahl Personen mit jedem Resultat
Perzentil nach korrekt beantworteten Fragen
Ihre Resultats-Entwicklung
Sie haben dieses Quiz noch nicht gespielt